000 00304nam a22001337a 4500
008 170918b xxu||||| |||| 00| 0 eng d
020 _a9780823014019
041 _aeng
080 _a7
100 _a44
101 _aART
245 _aDRAWING LESSONS FROM THE GREAT MASTERS
_cHALE,R.B
942 _2udc
_cBK
999 _c27925
_d27925